Verknüpfung der regionalen Wirtschaftsförderung mit Instrumenten der Gewässergütepolitik.
Objasňovanie možností prepojenia nástrojov vodohospodárskej politiky s hospodárskou pomocou regiónom. Od nástrojov sa odvodzujú infraštruktúrne opatrenia a nástroje ekonomických stimulov. Zohľadňovanie aspektov ekonomicko-ekologickej efektívnosti, pracovných miest a politicko-administratívnej realiz...
Guardado en:
| Autor principal: | |
|---|---|
| Otros Autores: | |
| Formato: | Capítulo de libro |
| Lenguaje: | alemán |
| Materias: | |
| Etiquetas: |
Sin Etiquetas, Sea el primero en etiquetar este registro!
|
MARC
| LEADER | 00000naa a2200000 4500 | ||
|---|---|---|---|
| 001 | r009246 | ||
| 005 | 20221130103834.0 | ||
| 041 | 0 | |a ger | |
| 044 | |a DE | ||
| 245 | 1 | 0 | |a Verknüpfung der regionalen Wirtschaftsförderung mit Instrumenten der Gewässergütepolitik. |c J. Klaus, K.G. Binder |
| 520 | |a Objasňovanie možností prepojenia nástrojov vodohospodárskej politiky s hospodárskou pomocou regiónom. Od nástrojov sa odvodzujú infraštruktúrne opatrenia a nástroje ekonomických stimulov. Zohľadňovanie aspektov ekonomicko-ekologickej efektívnosti, pracovných miest a politicko-administratívnej realizovateľnosi. | ||
| 610 | 2 | 0 | |a vodohospodárstvo |
| 610 | 2 | 0 | |a pomoc hospodárska |
| 610 | 2 | 0 | |a regióny |
| 610 | 2 | 0 | |a infraštruktúra |
| 610 | 2 | 0 | |a nástroje ekonomické |
| 610 | 2 | 0 | |a stimuly ekonomické |
| 610 | 2 | 0 | |a ekológia |
| 610 | 2 | 0 | |a miesta pracovné |
| 100 | 1 | |a Klaus, J. | |
| 700 | 1 | |a Binder, K.G. | |